1053 1244 1645 1457 1101 1138 1311 1771 1556 1628 1580 1794 1731 1744 1209 1073 1990 1479 1404 1797 1667 1556 1037 1001 1838 1133 1501 1814 1661 1103 1539 1132 1494 1163 1549 1404 1895 1194 1287 1526 1825 1542 1586 1557 1914 1115 1839 1981 1861 1231 1103 1625 1597 1931 1014 1008 1114 1165 1907 1947 1383 1272 1311 1554 1397 1581 1422 1498 1024 1903 1885 1879 1462 1700 1766 1189 1710 1371 1715 1192 1712 1612 1978 1152 1539 1040 1966 1422 1963 1797 1769 1879 1447 1499 1175 1274 1464 1021 1996 BCNSPRNW ULIB Ver.6.0+V

เปลี่ยนเป็นภาษาไทย

Change to English
 แสดงรายละเอียดบรรณานุกรม
  กลับหน้าหลัก

Brief Record : Get Marc (ISO 2709) : E-mail record : QR code < ปิดหน้าต่าง
LEADER : 00000nam 2200000uu 4500
001    13399126412
003     ULIB
008    020711s2018 th a 000 0 eng d
020    ^a9781496345868
060    ^aWY49^bJ33N
100    Janet R. Weber
245    ^aNurses Handbook of Health Assessment
250    ^a9th ed
260    ^aPhiladelphia :^bWolters Kluwer,^c2018
300    ^a848 pages;^b19 cm
650    ^aNursing Assessment-methods
650    ^aMedical HistoryTaking-methods
650    ^aPhysical Examination-methods
650    ^aHandbooks
945    ^p1419^l0^i004637
999    ^aประนอม เกษจรัล
รายการนี้ยังไม่มีแท็ก
คุณยังไม่ได้ล็อกอิน คุณสามารถมีกิจกรรมร่วมกับเว็บไซต์ได้ แต่ต้องล็อกอินก่อน ::
  ล็อกอิน

รายการสื่อสารสนเทศ

ลำดับที่ ประเภท เลขเรียก/บาร์โค้ด สถานที่ สถานะ
1. Book การพยาบาล
หนังสือสำรอง
สถานะ=หนังสือสำรอง
WY49 J33N ฉ.1 
  Barcode: 004637
ห้องสมุดวิทยาเขตสวรรค์ประชารักษ์
►หนังสือทั่วไป
บนชั้น

รายการใกล้เคียง
    ชื่อเรื่อง [Nurses Handbook of Health Assessment]

    ผู้แต่ง [Janet R. Weber]

    หัวเรื่อง [Nursing Assessment-methods]
    หัวเรื่อง [Medical HistoryTaking-methods]
    หัวเรื่อง [Physical Examination-methods]
    หัวเรื่อง [Handbooks]

BibComment


ยังไม่เคยถูกคอมเมนท์

คอมเมนท์ทรัพยากรรายการนี้
  คอมเมนท์: Nurses Handbook ..


 Copyright 2026. Bcnsprnw @Library